Ibibulia: eyilimwo. (Record no. 39664)
[ view plain ]
| 000 -LEADER | |
|---|---|
| fixed length control field | 00644nam a22002051a 4500 |
| 005 - DATE AND TIME OF LATEST TRANSACTION | |
| control field | 20110718133042.0 |
| 008 - FIXED-LENGTH DATA ELEMENTS--GENERAL INFORMATION | |
| fixed length control field | 091005s1975 001 0 eng d |
| 020 ## - INTERNATIONAL STANDARD BOOK NUMBER | |
| International Standard Book Number | 9966480439 : |
| Terms of availability | 0.00 |
| 040 ## - CATALOGING SOURCE | |
| Original cataloging agency | NEGST Library - Kenya |
| 050 #4 - LIBRARY OF CONGRESS CALL NUMBER | |
| Classification number | BS 325.L9 1975 |
| 082 0# - DEWEY DECIMAL CLASSIFICATION NUMBER | |
| Classification number | BS 325.L9 1975 |
| 245 00 - TITLE STATEMENT | |
| Title | Ibibulia: eyilimwo. |
| 260 ## - PUBLICATION, DISTRIBUTION, ETC. (IMPRINT) | |
| Place of publication, distribution, etc | Nairobi : |
| Name of publisher, distributor, etc | Bible Society of Kenya, |
| Date of publication, distribution, etc | 1975. |
| 300 ## - PHYSICAL DESCRIPTION | |
| Extent | 1008 p. |
| 500 ## - GENERAL NOTE | |
| General note | [Africana] Includes maps. |
| 600 10 - SUBJECT ADDED ENTRY--PERSONAL NAME | |
| Personal name | Bible. |
| 600 10 - SUBJECT ADDED ENTRY--PERSONAL NAME | |
| Personal name | Luyia (African language) - Bible. |
| 852 ## - LOCATION/CALL NUMBER | |
| -- | 26.50 |
| 852 ## - LOCATION/CALL NUMBER | |
| -- | 40.00 |
| Withdrawn status | Lost status | Source of classification or shelving scheme | Damaged status | Not for loan | Collection code | Home library | Current library | Shelving location | Date acquired | Cost, normal purchase price | Full call number | Barcode | Date last seen | Price effective from | Koha item type | Source of acquisition | Copy number |
|---|---|---|---|---|---|---|---|---|---|---|---|---|---|---|---|---|---|
| Library of Congress Classification | Reference | AIU/NEGST - Tony Wilmot Memorial Library | AIU/NEGST - Tony Wilmot Memorial Library | Reference | 02/01/2010 | 26.50 | REF BS 325.L9 1975 | R17550W3232 | 09/26/2019 | 02/01/2010 | Africana collection ( Reference) | ||||||
| Library of Congress Classification | Special Collection | AIU/NEGST - Tony Wilmot Memorial Library | AIU/NEGST - Tony Wilmot Memorial Library | Special Collection | 02/16/2010 | 40.00 | S BS 325.L99 1975 | R36840A3232 | 09/26/2019 | 02/16/2010 | Africana Collection (Special) | Donation- SIL | 1 |
